00260nam a2200097Ia 4500008004100000100001900041245003400060260004200094260000900136999001700145170620s9999 xx 000 0 und d aEdiger- Marlow 0aTeaching English Successfully bNew Delhi- Discovery Publishing House c2006 c24559d24559